• 首页
  • 本馆介绍
  • 公告通知
  • 最新文献
  • 馆藏检索
  • 电子资源
  • 读者导购
  • 参考咨询
  • 我的图书馆
  • 登录
  • 详细信息显示
  • 放入我的书架
  • 预约/预借图书
  • 作者相关作品
  • 分类相关作品
  • 丛书相关作品
  • 出版社相关作品

书目信息

  • 表格格式
  • 工作单格式
  • 卡片格式
题名:
基础教育改革
    
 
作者: 王吉鹏 , 李雪铭 主编
分册:  
出版信息: 长春   吉林人民出版社  2005
页数: 517页
开本: 20cm
丛书名:
单 册:
中图分类: G629.21
科图分类:
主题词: 基础教育--教育改革--中国 , 教育改革--基础教育--中国
电子资源:
ISBN: 7-206-03274-5
000 00926nam0 2200277 45
001 012005603041
005 20070705150602.85
010    @a7-206-03274-5@dCNY41.50
092    @aCN@b158533
100    @a20051016d2005 em y0chiy0120 ea
101 0  @achi
102    @aCN@b110000
105    @ay z 000yy
200 1  @a基础教育改革@Aji chu jiao yu gai ge@e挑战未来@Etiao zhan wei lai@f王吉鹏,李雪铭主编@Fwang ji peng, li xue ming zhu bian
205    @a2版
210    @a长春@c吉林人民出版社@d2005
215    @a517页@d20cm
330    @a本书 收集了余篇论文,主要是部分98级教育硕士专业学位研究和98,99级研究课程进修班学员所馔写。
517 1  @a挑战未来@Atiao zhan wei lai
606 0  @a基础教育@x教育改革@y中国
606    @a教育改革@x基础教育@y中国
690    @aG629.21
701  0 @a王吉鹏@Awang ji peng@4主编
701  0 @a李雪铭@Ali xue ming@4主编
801  0 @aCN@bLZJBOOK@c20070705
905    @a10447@dG629.21@e311=2
    
    基础教育改革:挑战未来/王吉鹏,李雪铭主编.-2版.-长春:吉林人民出版社,2005
    517页;20cm
    
    
    ISBN 7-206-03274-5:CNY41.50
    本书 收集了余篇论文,主要是部分98级教育硕士专业学位研究和98,99级研究课程进修班学员所馔写。
●
相关链接 在E读中查询图书 在五车中查询图书 在当当中查询图书 在豆瓣中查询图书


正题名:基础教育改革     索取号:G629.21/311=2         预约/预借

序号 登录号 条形码 馆藏地/架位号 状态 备注
1 0557685   205576857   第一样本阅览室/ [索取号:G629.21/311=2] 在馆    
2 0557686   205576866   密集书库/ [索取号:G629.21/311=2] 在馆    
3 0557687   205576875   密集书库/ [索取号:G629.21/311=2] 在馆    
4 0557688   205576884   密集书库/ [索取号:G629.21/311=2] 在馆    
5 0557689   205576893   第四借阅区/ [索取号:G629.21/311=2] 在馆    
6 0557690   205576900   第四借阅区/ [索取号:G629.21/311=2] 在馆    
7 0557691   205576919   密集书库/ [索取号:G629.21/311=2] 在馆    
8 0557692   205576928   第四借阅区/ [索取号:G629.21/311=2] 在馆    
唐山师范学院图书馆 欢迎您!
大连网信软件有限公司© 版权所有